| 000 | 00445nam a2200169 a 4500 | ||
|---|---|---|---|
| 001 | 0000-8684 | ||
| 003 | ELIB.Books | ||
| 008 | 110520 1952 | ||
| 035 | _a(ELIB.Books)0000-8830 | ||
| 082 |
_a808.88 _bPos |
||
| 100 | _aPosselt, Eric | ||
| 245 | _aThe World's Greatest Christmas Stories | ||
| 260 |
_bKingswood: The World's Work _c1952 |
||
| 650 | _aChristmas- Stories | ||
| 942 |
_2ddc _cBK |
||
| 998 |
_cbat _e2011-05-20 |
||
| 999 |
_c8684 _d8684 |
||